[Event "Let's Play Chess!"]
[Site "http://www.queenalice.com/game.php?id=1157030"]
[Date "2013.3.12"]
[Round "-"]
[White "superga49"]
[Black "dnptrs"]
[Result "0-1"]
[WhiteElo "1849"]
[BlackElo "2017"]

1. d4 Nf6 2. Nf3 e6 3. Nbd2 c5 4. c4 Qc7 5. e4 cxd4 6. Nxd4 Nc6 7. N4f3 Bb4 8.
Bd3 d5 9. exd5 exd5 10. O-O O-O 11. cxd5 Nxd5 12. Nc4 Be7 13. Bxh7+ Kxh7 14.
Qxd5 Be6 15. Qh5+ Kg8 16. Ncd2 Nb4 17. Ne4 f6 18. Nh4 Bf7 19. Ng6 Bxg6 20. Qxg6
Rad8 21. Be3 Nd3 22. h4 Ne5 23. Qg3 Qc6 24. Nc3 Bd6 25. Bf4 Nd3 26. Bxd6 Rxd6
0-1

[Event "AUTO-ADV-2785"]
[Site "http://www.queenalice.com/game.php?id=1160391"]
[Date "2013.3.12"]
[Round "1"]
[White "superga49"]
[Black "DinoSouza"]
[Result "0-1"]
[WhiteElo "1790"]
[BlackElo "1744"]

1. d4 Nf6 2. Nf3 e6 3. Nbd2 c5 4. c4 d5 5. cxd5 exd5 6. g3 Nc6 7. Nb3 b6 8. Bg2
Bb7 9. O-O Be7 10. dxc5 Bxc5 11. Bg5 Be7 12. Nfd4 O-O 13. Rc1 Rc8 14. Nf5 Ne5
15. Rxc8 Bxc8 16. Nxe7+ Qxe7 17. Bxd5 Bh3 18. Bg2 Bxg2 19. Kxg2 Qb7+ 20. Kg1 Nd5
21. Qd4 f6 22. Bf4 Re8 23. Rd1 Nxf4 24. Qxf4 Ng6 25. Qc4+ Kf8 26. Nd4 Qe4 27. b3
Qe7 28. Nc6 Qb7 29. b4 Rc8 0-1

[Event "AUTO-ADV-2785"]
[Site "http://www.queenalice.com/game.php?id=1160392"]
[Date "2013.3.12"]
[Round "1"]
[White "DinoSouza"]
[Black "superga49"]
[Result "1-0"]
[WhiteElo "1762"]
[BlackElo "1772"]

1. e4 c5 2. Nf3 d6 3. d4 cxd4 4. Nxd4 Nf6 5. Nc3 a6 6. Bc4 e6 7. O-O b5 8. Bb3
Bb7 9. Bg5 Nc6 10. Nf3 Be7 11. Qe2 Na5 12. Rad1 Nxb3 13. axb3 Qc7 14. Rfe1 Rc8
15. e5 Bxf3 16. Qxf3 dxe5 17. Qg3 O-O 18. Qd3 Rfd8 19. Qg3 Rxd1 20. Rxd1 Nh5 21.
Qh4 Bxg5 22. Qxg5 Nf4 23. Ne4 h6 24. Qh4 Qxc2 25. Re1 Qxb3 26. Nd6 Qb4 27. f3
Qxd6 28. g3 1-0

[Event "AUTO-ADV-2785"]
[Site "http://www.queenalice.com/game.php?id=1160393"]
[Date "2013.3.12"]
[Round "1"]
[White "superga49"]
[Black "trinculo"]
[Result "0-1"]
[WhiteElo "1754"]
[BlackElo "2237"]

1. e4 c5 2. Nf3 e6 3. Nc3 a6 4. d4 cxd4 5. Nxd4 Qc7 6. f4 b5 7. Be2 Bb7 8. Bd3
Bc5 9. Nb3 Ba7 10. Qg4 g6 11. f5 b4 12. Ne2 exf5 13. exf5 Nc6 14. Bf4 Ne5 15.
Qg3 Nxd3+ 16. Qxd3 Qb6 17. O-O-O Nf6 18. Be5 O-O 19. Bd4 Qd6 20. Bxa7 Qxd3 21.
Rxd3 Rxa7 0-1

[Event "AUTO-ADV-2785"]
[Site "http://www.queenalice.com/game.php?id=1160394"]
[Date "2013.3.12"]
[Round "1"]
[White "trinculo"]
[Black "superga49"]
[Result "1-0"]
[WhiteElo "2236"]
[BlackElo "1756"]

1. Nf3 c5 2. c4 Nf6 3. d4 cxd4 4. Nxd4 g6 5. Nc3 Bg7 6. e4 d6 7. Be2 b6 8. O-O
Bb7 9. f3 Nc6 10. Be3 O-O 11. Nc2 Nd7 12. Qd2 Re8 13. Rad1 Nc5 14. b4 Ne6 15.
Nd5 Rc8 16. a4 Ne5 17. Na3 Bc6 18. Nb5 Bxb5 19. axb5 Nxc4 20. Bxc4 Rxc4 21. Qa2
Rc7 22. Nxc7 Qxc7 23. Rd3 Qd7 24. Qd5 Nc7 25. Qc6 1-0

[Event "AUTO-ADV-2785"]
[Site "http://www.queenalice.com/game.php?id=1160395"]
[Date "2013.3.12"]
[Round "1"]
[White "superga49"]
[Black "Duendemalefyco"]
[Result "0-1"]
[WhiteElo "1747"]
[BlackElo "1603"]

1. d4 f5 2. Nd2 Nf6 3. e3 g6 4. Bd3 Bg7 5. Ngf3 d6 6. O-O O-O 7. e4 fxe4 8. Nxe4
Bg4 9. h3 Bxf3 10. Qxf3 Nd5 11. Qd1 Nc6 12. Bc4 e6 13. Bg5 Qd7 14. c3 h6 15. Bd2
Nde7 16. Qe2 Kh8 17. Bd3 e5 18. dxe5 Nxe5 19. Bc2 Nf5 20. Ng3 Nxg3 21. fxg3 Kh7
22. Rf4 Rae8 0-1

[Event "AUTO-ADV-2785"]
[Site "http://www.queenalice.com/game.php?id=1160396"]
[Date "2013.3.12"]
[Round "1"]
[White "Duendemalefyco"]
[Black "superga49"]
[Result "1-0"]
[WhiteElo "1603"]
[BlackElo "1747"]

1. d4 d5 2. g3 Nf6 3. Bg2 c6 4. Nf3 Bg4 5. O-O Qc8 6. Nbd2 Bh3 7. c4 Bxg2 8.
Kxg2 e6 9. b3 Bd6 10. Bb2 O-O 11. Rc1 Nbd7 12. cxd5 exd5 13. e3 Qe8 14. Nb1 Ne4
15. Ba3 Bxa3 16. Nxa3 Qe7 17. Nb1 Rae8 18. Nbd2 Nxd2 19. Nxd2 Nf6 20. Rc2 Ne4
21. Nxe4 Qxe4+ 22. Kg1 Re6 23. Re2 Rh6 24. Qc2 1-0

[Event "AUTO-OPEN-2939"]
[Site "http://www.queenalice.com/game.php?id=1160440"]
[Date "2013.3.12"]
[Round "1"]
[White "EddieK"]
[Black "superga49"]
[Result "1-0"]
[WhiteElo "2137"]
[BlackElo "1836"]

1. e3 d5 2. d4 Nf6 3. f4 Ne4 4. Nd2 Bf5 5. Nxe4 Bxe4 6. Nf3 Nd7 7. Bd3 Nf6 8.
O-O e6 9. Ng5 Bg6 10. a4 Bd6 11. b3 O-O 12. Ba3 Rc8 13. Qf3 c5 14. dxc5 Bxc5 15.
Bxc5 Rxc5 16. Bxg6 1-0

[Event "AUTO-OPEN-2939"]
[Site "http://www.queenalice.com/game.php?id=1160441"]
[Date "2013.3.12"]
[Round "1"]
[White "superga49"]
[Black "EddieK"]
[Result "0-1"]
[WhiteElo "1840"]
[BlackElo "2134"]

1. d4 d5 2. c4 e6 3. Nf3 c5 4. cxd5 exd5 5. g3 Nc6 6. Bg2 h6 7. O-O Be6 8. Nc3
Qd7 9. Bf4 Nf6 10. Rc1 b6 11. Ne5 Nxe5 12. dxe5 Nh5 13. Bxd5 Rd8 14. e4 Nxf4 15.
gxf4 g6 16. Qb3 Bh3 0-1

[Event "AUTO-OPEN-2939"]
[Site "http://www.queenalice.com/game.php?id=1160462"]
[Date "2013.3.12"]
[Round "1"]
[White "superga49"]
[Black "marcomasa"]
[Result "0-1"]
[WhiteElo "1810"]
[BlackElo "1704"]

1. e4 e5 2. Nf3 Nc6 3. Bb5 Nf6 4. d3 g6 5. O-O Bd6 6. Bg5 b6 7. Nc3 Bb7 8. Nd5
Be7 9. Nxe7 Qxe7 10. d4 h6 11. Bxf6 Qxf6 12. Bxc6 Bxc6 13. d5 Bb5 14. Re1 g5 15.
c4 Bxc4 16. Qc2 Ba6 17. Qxc7 Qe7 18. Qxe5 f6 0-1

[Event "AUTO-OPEN-2939"]
[Site "http://www.queenalice.com/game.php?id=1160463"]
[Date "2013.3.12"]
[Round "1"]
[White "marcomasa"]
[Black "superga49"]
[Result "1-0"]
[WhiteElo "1682"]
[BlackElo "1832"]

1. e4 c5 2. Bc4 d6 3. Qf3 Nf6 4. Nh3 Nc6 5. Ng5 Ne5 6. Bxf7+ Nxf7 7. Nh3 Ne5 8.
Qe2 Bxh3 9. gxh3 e6 10. Nc3 Be7 11. d3 O-O 12. Bd2 Nfd7 13. O-O-O Nf3 14. Rdf1
Nxd2 15. Kxd2 Bg5+ 16. Kd1 Ne5 17. Nb1 Qa5 18. Nc3 b5 19. a3 b4 20. Nb1 1-0

[Event "AUTO-OPEN-2939"]
[Site "http://www.queenalice.com/game.php?id=1160464"]
[Date "2013.3.12"]
[Round "1"]
[White "superga49"]
[Black "valterbastos"]
[Result "1-0"]
[WhiteElo "1847"]
[BlackElo "1250"]

1. e4 Nf6 2. Nc3 e6 3. d4 Nc6 4. Bg5 h6 5. Bh4 g5 6. Bg3 b5 7. Bxb5 a6 8. Ba4 d5
9. e5 Ne4 10. Nxe4 Bd7 11. Nf6+ Ke7 12. f4 Bg7 13. Nxd7 Kxd7 14. Qd3 Qb8 15. Qc3
Ke7 16. Bxc6 Ra7 17. Nf3 Rd8 18. fxg5 hxg5 19. Nxg5 f6 20. exf6+ Bxf6 21. Qe3
Rd6 22. Bxd6+ Kxd6 23. Qxe6# 1-0

[Event "AUTO-OPEN-2939"]
[Site "http://www.queenalice.com/game.php?id=1160465"]
[Date "2013.3.12"]
[Round "1"]
[White "valterbastos"]
[Black "superga49"]
[Result "0-1"]
[WhiteElo "1240"]
[BlackElo "1845"]

1. c4 Nf6 2. e4 Nxe4 3. d3 Nf6 4. Qb3 g6 5. Be2 Bg7 6. Nf3 Nc6 7. Nc3 O-O 8. Bf4
d6 9. O-O b6 10. d4 Bg4 11. d5 Bxf3 12. Bxf3 Nd4 13. Qd1 Nxf3+ 14. gxf3 e5 15.
Be3 Nh5 16. a4 Qh4 17. Nb5 Nf4 18. Nxc7 Qg5+ 19. Kh1 Qg2# 0-1

[Event "Challenge"]
[Site "http://www.queenalice.com/game.php?id=1163720"]
[Date "2013.3.22"]
[Round "-"]
[White "superga49"]
[Black "Cuyo"]
[Result "0-1"]
[WhiteElo "1760"]
[BlackElo "1833"]

1. d4 d5 2. c4 c6 3. Nc3 Bf5 4. Nf3 Nf6 5. Bf4 Nbd7 6. e3 e6 7. h3 h6 8. Bd3 Ne4
9. Qc2 Bb4 10. O-O Bxc3 0-1

[Event "Challenge"]
[Site "http://www.queenalice.com/game.php?id=1167459"]
[Date "2013.4.2"]
[Round "-"]
[White "athen"]
[Black "superga49"]
[Result "0-1"]
[WhiteElo "1448"]
[BlackElo "1756"]

1. d4 d5 2. e3 Nf6 3. c4 e6 4. c5 c6 5. b4 Nbd7 6. g4 e5 7. h3 a5 8. b5 Be7 9.
b6 Ne4 10. Bd3 Bh4 0-1

[Event "Challenge"]
[Site "http://www.queenalice.com/game.php?id=1167464"]
[Date "2013.4.2"]
[Round "-"]
[White "athen"]
[Black "superga49"]
[Result "0-1"]
[WhiteElo "1452"]
[BlackElo "1752"]

1. d4 d5 2. e3 Nd7 3. c4 Ngf6 4. c5 c6 5. b4 e5 6. g4 Be7 7. g5 Ne4 8. h4 h6 9.
Bg2 hxg5 10. hxg5 Rxh1 0-1